Logo BPK

Biblioteka

Politechniki Koszalińskiej

Fizičeskie i mechaničeskie strojstva stekloplastikov. Spavocnoe posobie. / (Rekord nr 12446)

Szczegóły MARC
000 -ETYKIETA REKORDU
podpole kontrolne o stałej długości 00452nam a2200157 i 4500
001 - NUMER KONTROLNY REKORDU
pole kontrolne bg
040 ## - ŹRÓDŁO KATALOGOWANIA
Instytucja, która utworzyła rekord BPK
041 ## - KOD JĘZYKA
Kod języka tekstu pol
080 ## - UNIWERSALNA KLASYFIKACJA DZIESIĘTNA - UKD
UKD 678.01
008 - POLE O STAŁEJ DŁUGOŚCI - DANE KONTROLNE
podpole kontrolne o stałej długości s pl f |000 0 pol
245 #0 - TYTUŁ/ODPOWIEDZIALNOŚĆ
Tytuł Fizičeskie i mechaničeskie strojstva stekloplastikov. Spavocnoe posobie. /
Pozostałe elementy strefy tytułu i oznaczenia odpowiedzialności Pod. red. J. M. M. Icanova.
260 ## - STREFA ADRESU WYDAWNICZEGO
Miejsce wydania Riga :
Nazwa wydawcy/dystrybutora Izdatel'stvo "Zinatne",
Data publikacji, dystrybucji/powstania dokumentu 1969.
300 ## - STREFA OPISU FIZYCZNEGO
Objętość s. 262, 5 nlb.
700 1# - HASŁO DODATKOWE - NAZWA OSOBOWA
Nazwa osobowa ICANOV, J. M. M.
Określenie związku między hasłem a opisywanym materiałem Red.
942 ## - DODATKOWE ELEMENTY (KOHA)
Typ dokumentu Książka
Egzemplarze
Wycofany Status egzemplarza Uszkodzony Dostępność Lokalizacja stała Lokalizacja bieżąca Miejsce przechowywania Sygnatura Kod kreskowy Typ dokumentu
      Dostępny Biblioteka Politechniki Koszalińskiej Biblioteka Politechniki Koszalińskiej Wypożyczalnia BG 6917 01785050 Książka
© 2023 Biblioteka Politechniki Koszalińskiej :: KOHA